Normal view
MARC view
- preparation Alomari,Hassan Ammar Almomani and Emran Shatnawi, Supervisor Mohammed Bani Younis
Entry Personal Name
001 - CONTROL NUMBER
- control field: 6053
003 - CONTROL NUMBER IDENTIFIER
- control field: JO-AjAnu
005 - DATE AND TIME OF LATEST TRANSACTION
- control field: 20230606071301.0
008 - FIXED-LENGTH DATA ELEMENTS
- fixed length control field: 230606|| aca||aabn | a|a d
040 ## - CATALOGING SOURCE
- Original cataloging agency: JO-AjAnu
- Transcribing agency: JO-AjAnu
100 ## - HEADING--PERSONAL NAME
- Personal name: preparation Alomari,Hassan Ammar Almomani and Emran Shatnawi, Supervisor Mohammed Bani Younis
670 ## - SOURCE DATA FOUND
- Source citation: Work cat.: (JO-AjAnu)3137: preparation Alomari,Hassan Ammar Almomani and Emran Shatnawi, Supervisor Mohammed Bani Younis , author, University support System Ajloun national private University